Riconosci il Pokémon - Quiz n°26 - Statistics

Statistiche generali
  • Questo quiz è stato fatto 12 volte
  • Il punteggio medio è 9 su 10
Statistiche sulle risposte
Indizio Risposta % Corretto
Tipo Lotta
100%
Generazione Terza
100%
Altezza 2,30 m
92%
Peso 253,8 kg
92%
Stadio evoluzione Prima evoluzione
92%
Sesso 75% ♂, 25% ♀
83%
Abilità Grassospesso; Dentistretti; Forzabruta
83%
Tasso di cattura 200 (36.6%)
75%
Tasso di allevamento Fluttuante
75%
Pokémon Hariyama
67%
Nessun quiz corrispondente trovato
Distribuzione punteggi
Percentuale di utenti per punteggio
Percentile per numero di risposta
I tuoi punteggi nel tempo
Non hai fatto questo quiz